Sistema para la consulta del anuario estadístico de Zacatecas 2009 / (Registro nro. 151908)
[ vista simple ]
| 000 -CABECERA | |
|---|---|
| campo de control de longitud fija | 01427nam a2200217 a 4500 |
| 005 - FECHA Y HORA DE LA ÚLTIMA TRANSACCIÓN | |
| campo de control | 20210223131501.0 |
| 008 - ELEMENTOS DE LONGITUD FIJA--INFORMACIÓN GENERAL | |
| campo de control de longitud fija | 110323s2009 mx r 000 0 spa d |
| 020 ## - NÚMERO INTERNACIONAL NORMALIZADO PARA LIBROS | |
| Número Internacional Estándar del Libro | 9786074940053 |
| 035 ## - NÚMERO DE CONTROL DEL SISTEMA | |
| Número de control de sistema | UPN01000179805 |
| 049 ## - COLECCIÓN | |
| Colección | CD |
| 050 #4 - SIGNATURA TOPOGRÁFICA DE LA BIBLIOTECA DEL CONGRESO | |
| Número de clasificación | HA767 Z3 |
| Número de documento/Ítem | S5 2009 |
| 110 2# - ASIENTO PRINCIPAL--NOMBRE CORPORATIVO | |
| Nombre de entidad corporativa o nombre de jurisdicción como elemento de entrada | Instituto Nacional de Estadística, Geografía e Informática (México) |
| 245 10 - MENCIÓN DE TÍTULO | |
| Título | Sistema para la consulta del anuario estadístico de Zacatecas 2009 / |
| Mención de responsabilidad, etc. | Instituto Nacional de Estadística, Geografía e Informática. |
| 260 ## - PUBLICACIÓN, DISTRIBUCIÓN, ETC. | |
| Lugar de publicación, distribución, etc. | Aguascalientes : |
| Nombre del editor, distribuidor, etc. | INEGI : |
| Fecha de publicación, distribución, etc. | c2009. |
| 300 ## - DESCRIPCIÓN FÍSICA | |
| Extensión | 1 CD-ROM ; |
| Dimensiones | 4 3/4 plg. |
| 500 ## - NOTA GENERAL | |
| Nota general | CD-ROM, solicítalo en el depto. de Documentación |
| 538 ## - NOTA DE DETALLES DEL SISTEMA | |
| Nota de detalles del sistema | Software: Microsoft Windows 98, 2000 o XP - Navegador Internet Explorer 5.0 o posterior (Se incluye en el disco compacto la versión 7.0; en caso de instalarse requiere 14 Mb ) - Excel 2003 (Se incluye en el disco compacto la versión Viewer 2003; en caso de instalarse requiere 10 Mb ) - Acrobat Reader 6.0 (Se incluye en el disco compacto la versión 8.0; en caso de instalarse requiere 21 Mb). Hardware: Computadora personal con procesador Pentium III o superior - 64 Mb de memoria RAM - 45 Mb de espacio disponible en disco duro - Unidad lectora de disco compacto - Monitor - Ratón - Impresora (opcional) |
| 651 #4 - ASIENTO SECUNDARIO DE MATERIA - NOMBRE GEOGRAFICO | |
| Nombre geográfico | ZACATECAS - |
| Subdivisión de forma | ESTADISTICA - |
| -- | ANUARIOS |
| 9 (RLIN) | 13221 |
| 650 ## - ASIENTO SECUNDARIO DE MATERIA - TERMINO TEMATICO | |
| Término de materia o nombre geográfico como elemento de entrada | ESTADISTICA - |
| Subdivisión general | PROGRAMAS PARA COMPUTADORA |
| 9 (RLIN) | 17767 |
| 905 ## - TIPO DE MATERIAL | |
| Tipo de material | Electrónico |
No hay ítems disponibles.